<?xml version="1.0" encoding="UTF-8"?><?xml-stylesheet type="text/xsl" href="static/style.xsl"?><OAI-PMH xmlns="http://www.openarchives.org/OAI/2.0/" xmlns:xsi="http://www.w3.org/2001/XMLSchema-instance" xsi:schemaLocation="http://www.openarchives.org/OAI/2.0/ http://www.openarchives.org/OAI/2.0/OAI-PMH.xsd"><responseDate>2026-04-29T08:39:58Z</responseDate><request verb="GetRecord" identifier="oai:riubu.ubu.es:10259/11157" metadataPrefix="marc">https://riubu.ubu.es/oai/request</request><GetRecord><record><header><identifier>oai:riubu.ubu.es:10259/11157</identifier><datestamp>2025-12-18T01:05:39Z</datestamp><setSpec>com_10259_5226</setSpec><setSpec>com_10259_5086</setSpec><setSpec>com_10259_2604</setSpec><setSpec>col_10259_5227</setSpec></header><metadata><record xmlns="http://www.loc.gov/MARC21/slim" xmlns:doc="http://www.lyncode.com/xoai" xmlns:xsi="http://www.w3.org/2001/XMLSchema-instance" xmlns:dcterms="http://purl.org/dc/terms/" xsi:schemaLocation="http://www.loc.gov/MARC21/slim http://www.loc.gov/standards/marcxml/schema/MARC21slim.xsd">
<leader>00925njm 22002777a 4500</leader>
<datafield tag="042" ind1=" " ind2=" ">
<subfield code="a">dc</subfield>
</datafield>
<datafield tag="720" ind1=" " ind2=" ">
<subfield code="a">Sánchez Hernández, Sara</subfield>
<subfield code="e">author</subfield>
</datafield>
<datafield tag="260" ind1=" " ind2=" ">
<subfield code="c">2025-12</subfield>
</datafield>
<datafield tag="520" ind1=" " ind2=" ">
<subfield code="a">Este artículo ofrece un estudio de la transmisión textual de Enfermar con el remedio (atribuida a Pedro Calderón de la Barca, Luis Vélez de Guevara y Jerónimo de Cáncer), centrado en sus ediciones impresas de los siglos XVII y XVIII. Se analizan cuatro testimonios impresos, documentando variantes de métrica, estilísticas, acotaciones y erratas. El trabajo plantea hipótesis sobre las posibles repercusiones teatrales de dichas variantes.</subfield>
</datafield>
<datafield tag="520" ind1=" " ind2=" ">
<subfield code="a">This  paper  offers  a  study  of  the  textual  transmission of the collaborative comedy Enfermar   con   el   remedio   (attributed   to   Pedro  Calderón  de  la  Barca,  Luis  Vélez  de  Guevara,  and  Jerónimo  de  Cáncer),  focusing on its printed editions from the seventeenth   and   eighteenth   centuries. Four printed witnesses are analysed, doc-umenting  metrical  and  stylistic  variants,  stage  directions,  and  typographical  er-rors. The study puts forward hypotheses regarding the possible theatrical implica-tions of these variants.</subfield>
</datafield>
<datafield tag="024" ind2=" " ind1="8">
<subfield code="a">0210-0061</subfield>
</datafield>
<datafield tag="024" ind2=" " ind1="8">
<subfield code="a">https://hdl.handle.net/10259/11157</subfield>
</datafield>
<datafield tag="024" ind2=" " ind1="8">
<subfield code="a">10.51743/cilh.vi51.615</subfield>
</datafield>
<datafield tag="024" ind2=" " ind1="8">
<subfield code="a">2660-647X</subfield>
</datafield>
<datafield ind1=" " ind2=" " tag="653">
<subfield code="a">Comedia escrita en colaboración</subfield>
</datafield>
<datafield ind1=" " ind2=" " tag="653">
<subfield code="a">Transmisión textual impresa</subfield>
</datafield>
<datafield ind1=" " ind2=" " tag="653">
<subfield code="a">Pedro Calderón de la Barca</subfield>
</datafield>
<datafield ind1=" " ind2=" " tag="653">
<subfield code="a">Luis Vélez de Guevara</subfield>
</datafield>
<datafield ind1=" " ind2=" " tag="653">
<subfield code="a">Jerónimo de Cáncer</subfield>
</datafield>
<datafield ind1=" " ind2=" " tag="653">
<subfield code="a">Collaborative plays</subfield>
</datafield>
<datafield ind1=" " ind2=" " tag="653">
<subfield code="a">Textual  transmission</subfield>
</datafield>
<datafield tag="245" ind1="0" ind2="0">
<subfield code="a">La transmisión textual de la comedia colaborativa "Enfermar con el remedio": una aproximación</subfield>
</datafield>
</record></metadata></record></GetRecord></OAI-PMH>